| 000 | 00601nam a2200217Ii 4500 | ||
|---|---|---|---|
| 003 | JO-AjNU | ||
| 008 | 230606s9999||||xx |||||||||||||| ||und|| | ||
| 020 | _a0-256-03571-7 | ||
| 040 |
_aJO-AjNU _beng _erda _cJO-AjNU |
||
| 041 | _aeng | ||
| 050 | 1 | 4 | _aHF5835.B518 1989 |
| 100 | 3 |
_aEngler, calvin, Leopold A. Bernstein, _eauthor _96785 |
|
| 245 | 0 | 0 | _aDVANCED ACCOUNTING |
| 250 | _a2nd ed | ||
| 264 | 3 | 1 | _aBoston: IRWIN,1989 |
| 300 | _a867p | ||
| 336 |
_atext _btxt _2rdacontent |
||
| 337 |
_aunmediated _bn _2rdamedia |
||
| 338 |
_avolume _bnc _2rdacarrier |
||
| 650 | 4 |
_aDVANCED ACCOUNTING _96786 |
|
| 999 |
_aE3534 _c3517 _d3517 |
||